Language Quiz

Random Language or Spanish Quiz

Spanish: Animals Quiz Stats

 Plays Quiz Updated Mar 19, 2020

Support Sporcle.
Go Orange.
Score 0/20 Timer 04:00
1 Play Today
English Spanish % Correct
catel gato
93.2%
dogel perro
92.2%
chickenel pollo
79.6%
horseel caballo
77.1%
elephantel elefante
71.3%
lionel león
70.6%
cowla vaca
65.6%
tortoisela tortuga
59.5%
bullel toro
59.1%
bearel oso
57.6%
English Spanish % Correct
donkeyel burro
56.6%
monkeyel mono
54.4%
birdel pájaro
50.7%
wolfel lobo
46.1%
pigel cerdo
40.7%
mouseel ratón
39.7%
foxel zorro
28.6%
goatla cabra
25.6%
raccoonel mapache
11.5%
mooseel alce
11.1%

From the Vault

Hamilton's Monologue: 'The World Was Wide Enough'

by ___meep___

The majority of Americans think Alexander Hamilton was once president. We think more Americans need to come to Sporcle to learn stuff.
Remove Ads.
Support Sporcle.
Get the best of Sporcle when you Go Orange. This ad-free experience offers more features, more stats, and more fun while also helping to support Sporcle. Thank you for becoming a member.

Show Comments

Extras

Top Quizzes Today


Score Distribution

Your Account Isn't Verified!

In order to create a playlist on Sporcle, you need to verify the email address you used during registration. Go to your Sporcle Settings to finish the process.

Report this User

Report this user for behavior that violates our Community Guidelines.

Details: